| 000 | 00748nam a22002651c 4500 | ||
|---|---|---|---|
| 001 | a987675549 | ||
| 008 | 160208s2011 gw |||| 000u rus d | ||
| 020 |
_a97858224315189 _9978-5-82243-1518-9 |
||
| 100 | 1 | _aMeerovič, Mark G. | |
| 245 | 0 | 0 |
_aKladbišče socgorodov : _bgradostroitel'naja politika v SSSR 1928-1932 gg. |
| 264 |
_aMoskva : _bROSSPEN, _c2011 |
||
| 300 | _a268 S. | ||
| 650 | 0 | _aStadtplanung | |
| 650 | 0 | _aStadtgestaltung | |
| 650 | 0 | _aUrbanisierung | |
| 650 | 0 | _aStädtebau | |
| 650 | 0 | _a | |
| 651 | 0 | _aSowjetunion | |
| 700 | 1 |
_aKonyševa, Evgenija V. _eVerfasserIn |
|
| 700 | 1 |
_aChmel'nickij, Dmitrij S. _eVerfasserIn |
|
| 942 | _cMG | ||
| 040 | _cRU-10907106 | ||
| 003 | RU-10907106 | ||
| 999 |
_c16659 _d16659 |
||
| 490 | 0 | _aIstorija stalinizma | |